Todos os vice-campeões da Libertadores - Statistics

Estatísticas Gerais
  • Esse quiz foi jogado 127 vezes
    4 desde o último reset
  • A pontuação média é 53 de 66
Estatísticas das Respostas
Ano Time % Correto
2005 Athletico Paranaense
100%
2022 Athletico Paranaense
100%
2024 Atletico Mineiro
100%
1995 Atlético Nacional
100%
1963 Boca Juniors
100%
1979 Boca Juniors
100%
2004 Boca Juniors
100%
2012 Boca Juniors
100%
2018 Boca Juniors
100%
2023 Boca Juniors
100%
2008 Fluminense
100%
1961 Palmeiras
100%
1968 Palmeiras
100%
2000 Palmeiras
100%
2025 Palmeiras
100%
1962 Peñarol
100%
1965 Peñarol
100%
1970 Peñarol
100%
1983 Peñarol
100%
2011 Peñarol
100%
1966 River Plate
100%
1976 River Plate
100%
2019 River Plate
100%
1985 América de Cali
75%
1986 América de Cali
75%
1987 América de Cali
75%
1996 América de Cali
75%
1990 Barcelona de Guayaquil
75%
1998 Barcelona de Guayaquil
75%
2010 Chivas Guadalajara
75%
2001 Cruz Azul
75%
1977 Cruzeiro
75%
2009 Cruzeiro
75%
1978 Deportivo Cali
75%
1999 Deportivo Cali
75%
2021 Flamengo
75%
1984 Grêmio
75%
2007 Grêmio
75%
1980 Internacional
75%
2017 Lanús
75%
1964 Nacional
75%
1967 Nacional
75%
1969 Nacional
75%
2014 Nacional
75%
1960 Olimpia
75%
1989 Olimpia
75%
1991 Olimpia
75%
2013 Olimpia
75%
2003 Santos
75%
2020 Santos
75%
1974 São Paulo
75%
1994 São Paulo
75%
2006 São Paulo
75%
1997 Sporting Cristal
75%
1993 Universidad Católica
75%
1981 Cobreloa
50%
1982 Cobreloa
50%
1973 Colo-Colo
50%
1971 Estudiantes
50%
2016 Independiente del Valle
50%
1992 Newell's Old Boys
50%
1988 Newell's Old Boys
50%
2002 São Caetano
50%
2015 Tigres
50%
1975 Unión Española
50%
1972 Universitario
50%
Nenhum quiz correspondente encontrado
Distribuição das Pontuações
Porcentagem de Pessoas com Cada Pontuação
Percentil de Números Respondidos
Sua Pontuação Histórica
Você não jogou esse quiz desde o último reset